A short history of the British commonwealth / (Record no. 184190)
[ view plain ]
| 000 -LEADER | |
|---|---|
| fixed length control field | 01198 a2200205 4500 |
| 003 - CONTROL NUMBER IDENTIFIER | |
| control field | NUST |
| 005 - DATE AND TIME OF LATEST TRANSACTION | |
| control field | 20221215140943.0 |
| 010 ## - LIBRARY OF CONGRESS CONTROL NUMBER | |
| LC control number | 40019739 |
| 040 ## - CATALOGING SOURCE | |
| Transcribing agency | Nust |
| 082 ## - DEWEY DECIMAL CLASSIFICATION NUMBER | |
| Classification number | 325.3,MUI |
| 100 ## - MAIN ENTRY--PERSONAL NAME | |
| Personal name | Muir, Ramsay, |
| 9 (RLIN) | 104975 |
| 245 ## - TITLE STATEMENT | |
| Title | A short history of the British commonwealth / |
| Statement of responsibility, etc. | Ramsay Muir, |
| 250 ## - EDITION STATEMENT | |
| Edition statement | 6th ed. |
| 260 ## - PUBLICATION, DISTRIBUTION, ETC. | |
| Place of publication, distribution, etc. | G. Philip & son, ltd.; |
| Name of publisher, distributor, etc. | London, |
| Date of publication, distribution, etc. | 1937 |
| 300 ## - PHYSICAL DESCRIPTION | |
| Extent | xvi, 938 p.: |
| Other physical details | illus |
| Dimensions | 19 cm |
| 505 ## - FORMATTED CONTENTS NOTE | |
| Formatted contents note | Book-VII: The Disruption of the Commonwealth and the Birth of New Force and Ideas (A.D.1760-1793)(Page-3), Book VIII: Revolution and War : The Growth of the Second Empire (A.D.1789-1815) (Page-147),Book-IX: National and Imperial Reconstruction and the Triumph of industrialism (A.D.1815-1852) (Page-297), Book-X: The Era of British Complacency and the Adolescence of the Daughter Nation (A.D. 1852-1880) (Page-471), Book XI:The Age of Imperialism and the Rivalry of World Powers (A.D.1880-1904) (Page-601), Book XII: The Ordeal of the Commonwealth (A.D. 19058-1933) (Page-737), Short History of British Commonwealth (Page-798). |
| 600 ## - SUBJECT ADDED ENTRY--PERSONAL NAME | |
| Personal name | Muir, Ramsay, |
| 9 (RLIN) | 104975 |
| 650 ## - SUBJECT ADDED ENTRY--TOPICAL TERM | |
| Topical term or geographic name entry element | A short history of the British commonwealth |
| 9 (RLIN) | 104976 |
| 942 ## - ADDED ENTRY ELEMENTS (KOHA) | |
| Koha item type | Book |
| Source of classification or shelving scheme | |
| Call number prefix | 325.3,MUI |
| Withdrawn status | Lost status | Source of classification or shelving scheme | Damaged status | Not for loan | Permanent Location | Current Location | Shelving location | Date acquired | Full call number | Barcode | Date last seen | Price effective from | Koha item type | Public note |
|---|---|---|---|---|---|---|---|---|---|---|---|---|---|---|
| Military College of Signals (MCS) | Military College of Signals (MCS) | General Stacks | 12/12/2016 | 325.3,MUI | MCS29415 | 12/08/2016 | 12/12/2016 | Book | Almirah No.49, Shelf No.6 | |||||
| Military College of Signals (MCS) | Military College of Signals (MCS) | General Stacks | 12/12/2016 | 325.3,MUI | MCS29452 | 12/08/2016 | 12/12/2016 | Book | Almirah No.73, Shelf No.4 |
